000 00432nam a22001457a 4500
003 SGT
082 _a617.96
_bE21S
100 _aSEHRAWAT, KRITIKA
245 _aEFFICACY OF CLONIDINE INFUSION AS PREMEDICATION IN ATTENUATION OF HAEMODYNAMIC RESPONSE TO LARYANGOSCOPY & INTUBATION IN HYPERTENSIVE PATIENTS
260 _aGURUGRAM
_bSGT UNIVERSITY
_c2021
300 _a85
650 _aANAESTHESIA
653 _aM.D
942 _2ddc
_cTH
999 _c26567
_d26567